| 000 | 02545nam a2200265 i 4500 | ||
|---|---|---|---|
| 001 | Rebiun36132221 | ||
| 008 | 240823s2023 spc|||| |||| 0|0 0 spa| | ||
| 015 |
_aLL2024 _2bnc |
||
| 017 |
_aDL B 5218-2023, _bBiblioteca de Catalunya |
||
| 020 | _a9788408273486 | ||
| 040 |
_aES-BaBC _bSpanish _erda _cES-BaBC |
||
| 041 | _aSpanish | ||
| 100 |
_aMartínez-Horta, Saul _eauthor _925539 |
||
| 245 | 1 | 0 |
_a¿Dónde están las llaves? _c/ Saul Martínez-Horta |
| 250 | _aFirst edition | ||
| 264 | 1 |
_aBarcelona : _bGeoPlaneta, _c2023 |
|
| 300 |
_a293 pages ; _c23 cm |
||
| 490 | _aGeoPlaneta ciencia | ||
| 520 | _aEn esta obra, el autor nos sumerge en los misterios de la vida cotidiana, ofreciendo explicaciones neuropsicológicas a situaciones que todos hemos experimentado alguna vez. El libro aborda fenómenos como los olvidos involuntarios, los lapsus, las pasiones desbordadas, las fobias, las manías e incluso experiencias que podrían considerarse «extrañas», como las apariciones o las alucinaciones. Saúl Martínez-Horta, neuropsicólogo, adopta una mirada científica para explorar y comprender cómo funciona nuestro cerebro en el día a día. A lo largo de estas páginas, los lectores se embarcarán en un viaje fascinante por la mente humana, desentrañando los enigmas que rodean nuestras acciones y pensamientos más comunes. Con un enfoque claro, riguroso y accesible, el autor nos invita a reflexionar sobre la extraordinaria complejidad de nuestro órgano más enigmático: el cerebro. | ||
| 520 | _aIn this compelling work, the author invites us to delve into the mysteries of everyday life, offering neuropsychological explanations for situations we all experience at some point. Why do we suddenly forget things? What lies behind slips of the tongue, phobias, or overwhelming passions? How can we make sense of compulsions—or even seemingly inexplicable experiences like hallucinations or apparitions? Saúl Martínez-Horta, a neuropsychologist, approaches these phenomena with scientific rigour and a clear, engaging style. Throughout these pages, he takes readers on a fascinating journey through the workings of the human brain, unravelling the enigmas behind our most common thoughts, actions, and emotions. Blending science with curiosity and reflection, this book invites us to better understand—and marvel at—the complexity of the most mysterious organ in our body: the brain. | ||
| 650 | 0 |
_aBrain _99635 |
|
| 650 | 0 |
_aNeuropsychology _911662 |
|
| 650 | 0 |
_aMemory _99634 |
|
| 942 | _2lcc | ||
| 999 |
_c4778 _d4778 |
||